| 000 | 00390nam a22001697a 4500 | ||
|---|---|---|---|
| 005 | 20160629164217.0 | ||
| 008 | 160629b xxu||||| |||| 00| 0 eng d | ||
| 020 | _a978-1-60163-03-3 | ||
| 041 | _aeng | ||
| 082 | _b10848 | ||
| 110 |
_aPensak, Dr David _93226 |
||
| 245 | _aInnovation for Underdogs | ||
| 260 | _bCareer Press | ||
| 300 | _a215 | ||
| 650 |
_aManagement _9241 |
||
| 942 | _cBK | ||
| 999 |
_c4749 _d4747 |
||